Informe estadístico a diciembre de 1973

Salvato in:
Dettagli Bibliografici
Ente Autore: Instituto de Tierras y Colonización (Costa Rica)
Natura: testo
Pubblicazione: San José: ITCO
Tags: Aggiungi Tag
Nessun Tag, puoi essere il primo ad aggiungerne!!

MARC

LEADER 00000 a a2200000 04500
001 17685
003
040
090 |a 000500  
110 |a Instituto de Tierras y Colonización (Costa Rica)  
245 |a Informe estadístico a diciembre de 1973  
260 |a San José:   |b ITCO  
300 |a 50 p  
999 |c 14006  |d 14006